000 01832cam a2200289 4500500
005 20260405004857.0
041 _afre
042 _adc
100 1 0 _aEl Fassi, Fatem-Zahra
_eauthor
700 1 0 _aPinos, Fabienne
_eauthor
700 1 0 _aPortal, Marine
_eauthor
245 0 0 _aDéfinir l’usage des études d’impact dans un contexte de transition sociétale : de l’intérêt de mobiliser les parties prenantes
260 _c2026.
500 _a5
520 _aAlors que de nombreuses incertitudes pèsent sur les exigences de communication extra-financière européennes, notre recherche qualitative s’intéresse aux transpositions possibles, aux entreprises privées, des acquis de divers champs d’activité, souvent réglementés, en matière d’évaluation d’impact. Notre analyse invite à un renouvellement de la relation aux parties prenantes afin de servir des stratégies responsables adaptées aux enjeux contemporains.
520 _aAt a time when many uncertainties are weighing on European non-financial reporting requirements, our qualitative study looks at possible transpositions, to private companies, of the achievements of various fields of activity, often regulated, in terms of impact assessment. Our analysis calls for a renewal of the relationship with stakeholders in the interest of responsible strategies adapted to contemporary challenges.
690 _aAttentes
690 _aÉvaluation d’impact
690 _aParties prenantes
690 _aResponsabilité
690 _aExpectations
690 _aImpact assessment
690 _aResponsibility
690 _aStakeholders
786 0 _nManagement & Avenir | 150 | 6 | 2026-01-05 | p. 55-78 | 1768-5958
856 4 1 _uhttps://shs.cairn.info/revue-management-avenir-2026-1-page-55?lang=fr&redirect-ssocas=7080
999 _c2079066
_d2079066